Montana, Butte North : 1:100,000-scale topographic map : 30 x 60 minute series (topographic) /

Bibliographic Details
Corporate Authors: United States. Bureau of Land Management (Cartographer), National Operations Center (U.S.) (Editor)
Format: Government Document Map
Language:English
Published: [Reston, Va.] : U.S. Department of the Interior, Bureau of Land Management, 2018.
Edition:BLM, 2018.
Series:Surface management status
Subjects:

MARC

Tag First Indicator Second Indicator Subfields
LEADER 00000cem a2200000 i 4500
001 in00003991900
005 20190122121141.0
007 aj canzn
008 180924s2018 vauag cc a f 1 eng c
020 |a 9781411342439 
020 |a 1411342437 
034 1 |a a  |b 100000  |d W1130000  |e W1120000  |f N0463000  |g N0460000 
035 |a (OCoLC)on1054105380 
040 |a GPO  |b eng  |e rda  |c GPO  |d MvI  |d UtOrBLW 
042 |a pcc 
043 |a n-us-mt 
049 |a UDOC 
052 |a 4251 
074 |a 0619-G-16 
086 0 |a I 53.11/4:46112-A 1-TM-100/2018 
086 0 |a I 53.11/4:MT/BUTTE NORTH/2018 
110 1 |a United States.  |b Bureau of Land Management,  |e cartographer.  |0 http://id.loc.gov/authorities/names/n80125846 
245 1 0 |a Montana, Butte North :  |b 1:100,000-scale topographic map : 30 x 60 minute series (topographic) /  |c edited and published by the Bureau of Land Management National Operations Center in cooperation with the Bureau of Land Management Montana State Office. 
246 1 |i Filing title:  |a Butte North, Montana 
250 |a BLM, 2018. 
255 |a Scale 1:100,000. 1 centimeter on the map represents 1 kilometer on the ground ;  |b Lambert conformal conic projection  |c (W 113°00ʹ--W 112°00ʹ/N 46°30ʹ--N 46°00ʹ). 
264 1 |a [Reston, Va.] :  |b U.S. Department of the Interior, Bureau of Land Management,  |c 2018. 
264 2 |a Billings, MT :  |b For sale by U.S. Department of the Interior, Bureau of Land Management, Montana State Office 
300 |a 1 map :  |b color ;  |c 56 x 78 cm, on sheet 69 x 102 cm. 
336 |a cartographic image  |b cri  |2 rdacontent 
337 |a unmediated  |b n  |2 rdamedia 
338 |a sheet  |b nb  |2 rdacarrier 
490 1 |a Surface management status 
500 |a Relief shown by contours and spot heights. 
500 |a Shows township and range lines. 
500 |a Includes quadrangle location map, township diagram, and indexes to names of adjoining maps and to 1:24,000-scale maps. 
500 |a Designed to be folded to 23 x 11 cm. 
650 0 |a Land use, Rural  |z Montana  |v Maps. 
651 0 |a Montana  |v Maps. 
650 7 |a Land use, Rural.  |2 fast  |0 (OCoLC)fst00991587 
651 7 |a Montana.  |2 fast  |0 (OCoLC)fst01207555 
655 7 |a Topographic maps.  |2 fast  |0 (OCoLC)fst01423808 
655 7 |a Maps.  |2 fast  |0 (OCoLC)fst01423704 
655 7 |a Topographic maps.  |2 lcgft  |0 http://id.loc.gov/authorities/genreForms/gf2011026697 
710 2 |a National Operations Center (U.S.),  |e editor.  |0 http://id.loc.gov/authorities/names/no2008045661 
710 1 |a United States.  |b Bureau of Land Management.  |b Montana State Office,  |e issuing body.  |0 http://id.loc.gov/authorities/names/n82043781 
810 1 |a United States.  |b Bureau of Land Management.  |t Surface-minerals management status.  |0 http://id.loc.gov/authorities/names/n86724748 
999 f f |s 1c2ce9cc-1e05-3af3-bbcc-3501af4cdf9e  |i dc3e82aa-0345-3377-aed9-0094875874e0  |t 0 
952 f f |p normal  |a Texas A&M University  |b College Station  |c Sterling C. Evans Library  |d Evans: Maps (2nd floor)  |t 0  |e G3701.G5 s100.U5 Butte North, MT (SM) 2018  |h Library of Congress classification  |i unmediated -- sheet  |m A14850653966 
998 f f |a G3701.G5 s100.U5 Butte North, MT (SM) 2018  |t 0  |l Evans: Maps (2nd floor)